000 00569nam a22001937a 4500
999 _c10602
_d10602
003 AR-CdUCM
008 190401b ||||| |||| 00| 0 spa d
040 _aMUNICIPALIDAD PROVINCIAL DEL CUSCO
_cBIBLIOTECA MUNICIPAL DEL CUSCO
082 _aES / 800 /
_bA79
100 _aAscencio Segura, Manuel
_927560
245 _aÑa catita /
260 _aLima :
_bFondo editorial navarrete,
300 _a128 paginas ;
_c15 cm.
505 _aContenido :Ña catita.
650 _aLiteratura peruana
_9169
650 _aBiografías
_9148
942 _2ddc
_cLIBROS
945 _arum